Qué es el Paraíso.

Сохранить в:
Библиографические подробности
Главный автор: Zurita, Raúl (autor)
Другие авторы: Rubio, Rafael (selección y prólogo)
Формат:
Опубликовано: Santiago, Chile: Ediciones Tácitas, 2013.
Предметы:
Метки: Добавить метку
Нет меток, Требуется 1-ая метка записи!

MARC

LEADER 00000cam a2200000 a 4500
001 UCD1387
003 CL-VaPUC
005 20250114090319.0
008 220921t2013 ||||| |||| 00| 0 eng d
999 |c 362728  |d 362726 
020 |a 978-956-8268-57-2 
040 |c Pontificia Universidad Católica de Valparaíso 
082 0 4 |a Ch861 ZUR 2013  |2 21 
100 |a Zurita, Raúl  |e autor  |9 458976 
245 1 0 |a Qué es el Paraíso. 
260 |a Santiago, Chile:  |b Ediciones Tácitas,  |c 2013. 
300 |a 391 páginas. 
500 |a c.2. Donación Busca Libre, Marzo 2020. Ingresada a GC Septiembre 2022. 
583 |a last modification  |c 20160303 03:41:00  |k Rodrigo Vera 
650 0 |a Poesías chilenas   |9 265280 
650 0 |a Literatura chilena   |9 308278 
700 |a Rubio, Rafael  |e selección y prólogo  |9 876877 
942 |c BK  |2 ddc 
945 |d 20160303 03:41:00  |a dcastane 
952 |0 0  |1 0  |3 erb  |4 0  |6 CH_861_000000000000000_ZUR_2013  |7 0  |8 A  |9 474187  |a BIBART  |b BIBART  |i 5265436  |o Ch861 ZUR 2013  |p 5265436  |r 2025-03-13  |w 2019-11-24  |y BK  |z Catalogado en:20160303  |k ART 
952 |0 0  |1 0  |2 ddc  |4 0  |6 CH_861_000000000000000_ZUR_2013  |7 0  |8 A  |9 586785  |a BIBEDU  |b BIBEDU  |c GEN  |d 2022-09-21  |e Donación  |i 5654764  |o Ch861 ZUR 2013  |p 5654764  |r 2022-09-21  |t 2  |w 2022-09-21  |y BK  |k LIT